000 01228nam a2200313 i 4500
001 8411
003 KOSZ 005
005 20210409114335.0
008 080828s1965 pl a f 001 0 pol
015 _aPB 1965/9404
040 _aWA N
_cKOSZ 005/RW
_dKOSZ 005/RW
041 1 _apol
_hrus
080 _a621.3
100 1 _aBagockij, Vladimir Sergeevič.
_eAutor.
245 1 0 _aChemiczne źródła energii elektrycznej /
_cW. S. Bagocki, W. N. Florow ; tł. z jęz. ros. Michał Wołodźko.
246 1 _iTyt. oryg.:
_aNovejšie dostiženiâ v oblasti himičeskih istočnikov toka.
260 _aWarszawa :
_bWydawnictwa Naukowo-Techniczne,
_c1965.
300 _a241, [1] s. :
_bil. ;
_c23 cm.
380 _aKsiążki.
504 _aBibliogr. przy rozdz. Indeks.
521 8 _aDla inżynierów i magistrów oraz studentów wyższych uczelni.
650 4 _aAkumulator
650 4 _aOgniwa galwaniczne
700 1 _aFlërov, Valerij Nikolaevič.
710 2 _aWydawnictwa Naukowo-Techniczne
_4pbl.
700 1 _aWołodźko, Michał
_eTłumaczenie
856 _uhttp://koha.tu.koszalin.pl/cgi-bin/koha/opac-detail.pl?biblionumber=8411
_yKatalog online BPK
942 _2UKD
_cKS
999 _c8411
_d8411